00853cam a2200265 a 450000100090000000300040000900500170001300800410003001000170007102000150008802000180010302500410012103700630016204000190022504200100024404300120025405000260026608200250029210000240031724500660034126000430040730000260045050400660047665000450054214406283OSt20200605121535.0060519s2006 ii b 001 0 eng  a 2006348370 a8188683957 a9788188683956 aI-E-2006-348370; 61-18; 63-18; 70-18 bLibrary of Congress -- New Delhi Overseas OfficecRs880.00 aDLCcoclcdDLC alcode aa-ii---00aHQ1236.5.I4bS25 2006 a320.082095478bSAL/W aSalgaonkar, Seema P10aWomen, political power, and the state /cSeema P. Salgaonkar. aDelhi :bAbhijeet Publications,c2006. axii, 292 p. ;c22 cm. aIncludes bibliographical references (p. [278]-289) and index. 0aWomen in developmentzIndiazGoa (State)